| 000 | 00807nam0a22002411 4500 | ||
|---|---|---|---|
| 001 | v19\rc\1235079 | ||
| 005 | 20250617231014.0 | ||
| 035 | _a(NLR Aleph) 004394746 | ||
| 090 |
_a3799691 _c3799691 |
||
| 100 | _a20060306g18831886|||y0rusy50 ca | ||
| 101 | 0 | _arus | |
| 102 | _aRU | ||
| 105 | _ay z ||||| | ||
| 200 | 1 |
_aРадуга _eПрибавление мод к журн. "Радуга" |
|
| 210 |
_aМосква _d1883-1886 |
||
| 316 |
_aЭкз. РНБ (3/2242н): приплетено к журн.... за соответствующие годы _5NLR: 3/2242н |
||
| 422 | 0 |
_12001#$aРадуга _tРадуга |
|
| 482 | 0 |
_12001#$aРадуга$eЖурн.$v1883-1886 _tРадуга |
|
| 801 | 0 |
_aRU _bNLR _gpsbo |
|
| 801 | 1 |
_aRU _bProSoft-M _2rusmarc |
|
| 852 |
_aNLR _j3/2242н |
||
| 942 | _cBOOK | ||
| 980 | _aNB | ||